Cirugía (Record no. 85879)

MARC details
000 -LEADER
campo de control de longitud fija 00807nam a2200193 i 4500
001 - NÚMERO DE CONTROL
campo de control 85879
003 - IDENTIFICADOR DE NÚMERO DE CONTROL
campo de control ES-MaACL
005 - FECHA Y HORA DE LA ÚLTIMA TRANSACCIÓN
campo de control 20251013234508.0
007 - CAMPO FIJO DE DESCRIPCIÓN FÍSICA--INFORMACIÓN GENERAL
campo de control de longitud fija t|
008 - DATOS DE LONGITUD FIJA--INFORMACIÓN GENERAL
campo de control de longitud fija 041202m19111925sp ||||1| spa d
100 1# - ENTRADA PRINCIPAL--NOMBRE DE PERSONA
Nombre de persona Keen, William Williams.
9 (RLIN) 67712
245 10 - MENCIÓN DEL TÍTULO
Título Cirugía
Resto del título : tratado teórico-práctico de Patología y Clínica Quirúrgica /
Mención de responsabilidad, etc. publicado por varios autores bajo la dirección del Dr. William Williams Keen ; traducido directamente del alemán por el Dr. León Cardenal ; revisado por el Dr. S. Cardenal.
260 ## - PUBLICACIÓN, DISTRIBUCIÓN, ETC.
Lugar de publicación, distribución, etc. Barcelona :
Nombre del editor, distribuidor, etc. Salvat y Cía,
Fecha de publicación, distribución, etc. 1911-1925.
300 ## - DESCRIPCIÓN FÍSICA
Extensión 8 v. ;
Dimensiones 24 cm.
700 1# - ENTRADA AGREGADA--NOMBRE PERSONAL
Nombre de persona Cardenal y Pujals, León,
Fechas asociadas al nombre 1878-1960
9 (RLIN) 35129
700 1# - ENTRADA AGREGADA--NOMBRE PERSONAL
Nombre de persona Cardenal y Fernández, Salvador,
Fechas asociadas al nombre 1852-1927
9 (RLIN) 163065
852 ## - LOCALIZACIÓN
Ubicación ES-MaACL
Número de control de estantería C-17823-30
Holdings
Estatus retirado Estado de pérdida Estado de daño No para préstamo Biblioteca de origen Biblioteca actual Ubicación en estantería Fecha de adquisición Fuente de adquisición Total de préstamos Signatura topográfica completa Código de barras Visto por última vez Precio de reemplazo Tipo de ítem Koha
        Biblioteca del Ateneo de Madrid Biblioteca del Ateneo de Madrid Mesetón 17/01/2008     C-17823-30 1089744 23/02/2023 23/02/2023 Libro impreso